|
|
|
|
| LEADER |
00841cam a2200241 7i4500 |
| 001 |
0000051453 |
| 005 |
20180413090000.0 |
| 008 |
180330 eng |
| 020 |
|
|
|a 9780470510292 (pbk.)
|
| 090 |
0 |
0 |
|a HF1379
|b .I238 2009
|
| 245 |
0 |
0 |
|a International business
|c Michael Czinkota ... [et al.].
|
| 250 |
|
|
|a European ed.
|
| 260 |
|
|
|a Chicester:
|b John Wiley,
|c 2009.
|
| 300 |
|
|
|a xiv, 618 p.:
|b ill., maps;
|c 26 cm.
|
| 500 |
|
|
|a Gift: Faculty of Business & Accountancy
|
| 504 |
|
|
|a Includes bibliographical references and index
|
| 650 |
0 |
0 |
|a Investments, Foreign
|
| 650 |
0 |
0 |
|a International trade
|
| 650 |
0 |
0 |
|a International finance
|
| 650 |
0 |
0 |
|a International business enterprises
|
| 700 |
1 |
|
|a Czinkota, Michael
|
| 997 |
|
|
|a Business & Accountancy, Faculty
|
| 999 |
|
|
|a 0000061531
|b BOK
|c OPEN SHELF
|e 1st Floor, Shah Alam
|